000 00346nam a2200157Ia 4500
003 OSt
005 20240312104837.0
008 170523s9999 xx 000 0 und d
020 _a978-8120352384
040 _ciimtu meerut
100 _aSRINIVASAN- R
245 0 _aINTERNATIONAL MARKETING
260 _bPHI
260 _c2002
942 _2ddc
_c02
999 _c1493
_d1493